Statistics for Mine (TV) - Taylor Swift (All Lyrics)

Click here to take the quiz!

General Stats

  • This quiz has been taken 35 times
    (28 since last reset)
  • The average score is 338 of 407

Answer Stats

Lyrics% Correct
a
96%
are
96%
best
96%
mine
96%
mine"
96%
of
96%
that
96%
the
96%
The
96%
we
96%
We
96%
You
96%
you
96%
you,
96%
arm
92%
around
92%
been
92%
by
92%
careful
92%
careless
92%
daughter
92%
ever
92%
first
92%
for
92%
"I
92%
I
92%
in
92%
made
92%
man's
92%
me
92%
put
92%
sitting
92%
that's
92%
Then
92%
there
92%
thing
92%
time,
92%
time
92%
water
92%
water?
92%
We're
92%
we're
92%
were
92%
what
92%
your
92%
Oh
88%
oh
88%
(Oh)
88%
oh,
88%
rebel
88%
remember,
88%
remember
88%
tables
88%
to
88%
waiting
88%
and
84%
And
84%
at
84%
college
84%
Do
84%
it?"
84%
it
84%
it?
84%
love
84%
part
84%
with
84%
working
84%
ah
80%
ah,
80%
Ah
80%
can
80%
"Can
80%
look
80%
now
80%
out
80%
said,
80%
see
80%
was
80%
2:30
76%
all
76%
AM
76%
believe
76%
every
76%
if
76%
is
76%
it's
76%
like
76%
my
76%
never
76%
on
76%
on)
76%
on,
76%
She
76%
yeah,
76%
(Yeah,
76%
yeah)
76%
bills
72%
hands
72%
I've
72%
moment
72%
our
72%
ran
72%
right
72%
took
72%
When
72%
why
72%
back
68%
bother
68%
But
68%
'Cause
68%
everything
68%
falling
68%
fear
68%
fell
68%
figure
68%
got
68%
(Hold
68%
Hold
68%
how
68%
"I'll
68%
last
68%
pay
68%
say,
68%
say
68%
slipping
68%
this
68%
Wondering
68%
As
64%
couch
64%
crying
64%
drawer
64%
figured
64%
flight,
64%
flight
64%
followed
64%
into
64%
known
64%
lasts
64%
leave
64%
looked
64%
lying
64%
make
64%
mistakes
64%
nothing
64%
parents'
64%
place
64%
risk
64%
small
64%
street
64%
surprise
64%
town,
64%
turn
64%
we'll
64%
about
60%
alone"
60%
could
60%
felt
60%
goodbye
60%
I'm
60%
Left
60%
myself
60%
saw
60%
start
60%
taking
60%
there's
60%
things
60%
together
60%
world
60%
Yes,
60%
yes
60%
yes,
60%
Braced
56%
city
56%
Flash
56%
forward
56%
gonna
56%
lights
56%
thought
56%
guarded
52%
hard
52%
learn
52%
secrets
52%
take
44%

Score Distribution

Percentile by Number Answered

Percent of People with Each Score

Your Score History

You have not taken this quiz since the last reset